El delito de receptación: doctrina y jurisprudencia
Salvato in:
| Autore principale: | |
|---|---|
| Natura: | Libro |
| Lingua: | spagnolo |
| Pubblicazione: |
Santiago
Metropolitana
2002
|
| Soggetti: | |
| Tags: |
Aggiungi Tag
Nessun Tag, puoi essere il primo ad aggiungerne!!
|
MARC
| LEADER | 00000nam a2200000 a 4500 | ||
|---|---|---|---|
| 001 | UCM6438 | ||
| 003 | CL-VaPUC | ||
| 008 | 021108e20020000CL |||||||||||||||||spa|d | ||
| 082 | 0 | 4 | |a 345.0262 |b AGU |2 21 |
| 100 | |a Aguilar Aranela, Cristián |e author |9 574648 | ||
| 245 | 1 | 3 | |a El delito de receptación: doctrina y jurisprudencia |
| 300 | |a 221 p | ||
| 942 | |c BK | ||
| 945 | |d 20021108 00:00:00 |a cmena | ||
| 260 | |a Santiago |b Metropolitana |c 2002 | ||
| 650 | 7 | |a DERECHO PENAL |2 CL-VaPUC |9 11 | |
| 650 | 7 | |a ENCUBRIDORES |2 CL-VaPUC |9 472315 | |
| 650 | 0 | |a Cómplices |9 472316 | |
| 650 | 0 | |a Jurisprudencia |9 255952 | |
| 650 | 7 | |a RECEPTACION |2 CL-VaPUC |9 472317 | |
| 583 | |a last modification |c 20021108 00:00:00 |k Rodrigo Vera | ||
| 999 | |c 301841 |d 301839 | ||
| 952 | |0 0 |1 0 |4 0 |6 345_026200000000000_AGU_2002 |7 0 |8 A |9 361504 |a BIBDER |b BIBDER |d 2019-11-21 |i 3858294 |l 2 |o 345.0262 AGU 2002 |p 3858294 |r 2024-04-09 |s 2024-04-09 |w 2019-11-21 |y BK |k DER | ||